[Event "Tabor op"]
[Site "Tabor"]
[Date "2005.08.??"]
[Round "?"]
[White "Podlesak, Pavel"]
[Black "Vohnout, Pavel"]
[Result "1/2-1/2"]
[WhiteElo "1692"]
[BlackElo "2026"]
[PlyCount "84"]
[EventDate "2005.07.30"]
[EventType "swiss"]
[EventRounds "9"]
[EventCountry "CZE"]
[SourceTitle "EXT 2006"]
[Source "ChessBase"]
[SourceDate "2005.11.24"]
[SourceVersion "1"]
[SourceVersionDate "2005.11.24"]
[SourceQuality "1"]

1. c4 c5 2. Nc3 Nc6 3. Nf3 g6 4. g3 Bg7 5. Bg2 e6 6. e4 Nge7 7. d3 0-0 8. Be3 Nd4 9. 0-0 Nec6 10. Qd2 Re8 11. Bh6 Bh8 12. Nxd4 Nxd4 13. f4 d6 14. g4 b5 15. f5 b4 16. fxg6 hxg6 17. Ne2 Nxe2+ 18. Qxe2 Be5 19. Qf3 f6 20. g5 Kf7 21. gxf6 Rh8 22. Bf4 Bxf4 23. Qxf4 e5 24. Qg3 Rh6 25. Rf2 Be6 26. Qg5 Rh5 27. Qg3 Qd7 28. Bf1 Rah8 29. Rg2 R8h6 30. Be2 Rh4 31. Qg5 Qd8 32. Rf1 Qh8 33. Rff2 Qc8 34. a3 Qb8 35. Bg4 Bxg4 36. Rxg4 R4h5 37. Qc1 Qb6 38. Qc2 Qc6 39. a4 Qd7 40. Rgg2 Rh3 41. b3 Qd8 42. Qe2 Qc8 1/2-1/2

[Event "Plzen op-D U18"]
[Site "Plzen"]
[Date "1998.??.??"]
[Round "6"]
[White "Podlesak, Pavel"]
[Black "Kasik, Miroslav"]
[Result "1/2-1/2"]
[WhiteElo "1755"]
[BlackElo "1870"]
[PlyCount "113"]
[EventDate "1998.08.??"]
[EventType "swiss"]
[EventRounds "9"]
[EventCountry "CZE"]
[SourceTitle "EXT 2000"]
[Source "ChessBase"]
[SourceDate "1999.11.16"]
[SourceVersion "1"]
[SourceVersionDate "1999.11.16"]
[SourceQuality "1"]

1. c4 Nf6 2. d4 e6 3. Nc3 Bb4 4. Bd2 d5 5. e3 0-0 6. Nf3 c5 7. a3 Bxc3 8. Bxc3 cxd4 9. Bxd4 Nc6 10. cxd5 Nxd5 11. Be2 Nxd4 12. Nxd4 Qb6 13. Qd2 Rd8 14. Rd1 Nf6 15. Qc2 Bd7 16. 0-0 Rac8 17. Qb1 e5 18. Nf3 Qe6 19. Rc1 Rxc1 20. Rxc1 Bc6 21. Rd1 Rd7 22. Rxd7 Nxd7 23. b4 f6 24. Qc2 Nb6 25. b5 Bd5 26. Qc7 Qc8 27. Qxc8+ Nxc8 28. Nd2 Nd6 29. f3 Kf7 30. e4 Ba2 31. Kf2 Ke6 32. Ke3 Kd7 33. Kd3 Nxb5 34. a4 Nd6 35. Kc3 Kc6 36. Kb4 b6 37. Nf1 a5+ 38. Kc3 Kc5 39. Ne3 Be6 40. g4 b5 41. axb5 Nxb5+ 42. Bxb5 Kxb5 43. h4 a4 44. Nc2 Bb3 45. Ne3 Be6 46. g5 a3 47. gxf6 gxf6 48. Nc2 a2 49. Kb2 Kc5 50. Kc3 Bf7 51. Kb2 Kc4 52. Ne3+ Kd3 53. Ng4 Ke2 54. Nxf6 Kxf3 55. Nxh7 Kg3 56. Nf6 Kxh4 57. Nd7 1/2-1/2

[Event "Plzen op-D U18"]
[Site "Plzen"]
[Date "1998.??.??"]
[Round "5"]
[White "Schrade, U."]
[Black "Podlesak, Pavel"]
[Result "0-1"]
[WhiteElo "1705"]
[BlackElo "1755"]
[PlyCount "50"]
[EventDate "1998.08.??"]
[EventType "swiss"]
[EventRounds "9"]
[EventCountry "CZE"]
[SourceTitle "EXT 2000"]
[Source "ChessBase"]
[SourceDate "1999.11.16"]
[SourceVersion "1"]
[SourceVersionDate "1999.11.16"]
[SourceQuality "1"]

1. e4 c6 2. Bc4 d5 3. exd5 cxd5 4. Bb3 Nc6 5. d4 Nf6 6. Nc3 Bg4 7. f3 Bf5 8. Nge2 e6 9. a3 a6 10. g4 Bg6 11. Be3 Be7 12. Qd2 Qc7 13. h4 h5 14. g5 Nd7 15. Nf4 Bf5 16. 0-0-0 Na5 17. Ba2 Nc4 18. Bxc4 Qxc4 19. Qe2 Qc6 20. Nd3 Bxa3 21. Nxd5 Bxb2+ 22. Nxb2 Qxd5 23. c4 Qa5 24. Nd3 Nb6 25. Ne5 Qc3+ 0-1